Disney songs quiz - Statistics

General Stats
  • This quiz has been taken 90 times
  • The average score is 8 of 12
Answer Stats
Hint Answer % Correct
Arabian Nights Aladdin
98%
Whistle While You Work Snow White and the Seven Dwarfs
95%
Just Around the Riverbend Pocahontas
94%
Les Poissons The Little Mermaid
74%
So This is Love Cinderella
71%
Know Who You Are Moana
65%
A Star is Born Hercules
61%
Human Again Beauty and the Beast
53%
True to Your Heart Mulan
45%
Colonel Hathi's March The Jungle Book
44%
Topsy Turvy The Hunchback of Notre Dame
40%
All in the Golden Afternoon Alice in Wonderland
32%
No matching quizzes found
Score Distribution
Percent of People with Each Score
Percentile by Number Answered
Your Score History
You have not taken this quiz